[Event "April 9 Late 2024"]
[Site "Chess.com"]
[Date "2024.04.09"]
[Round "9"]
[White "Golubev, Mikhail"]
[Black "Deviprasath, Sharvesh"]
[Result "1-0"]
[Board "54"]
[WhiteFideId "14100983"]
[BlackFideId "30938228"]
[WhiteTitle "GM"]
[BlackTitle "FM"]
[WhiteElo "2602"]
[BlackElo "2433"]
[WhiteTeam "UKR"]
[BlackTeam "USA"]
[WhiteClock "0:00:11"]
[BlackClock "0:00:13"]
[Variant "Standard"]

1. e4 {[%clk 0:03:00]}  e6 {[%clk 0:03:00]} 2. d4 {[%clk 0:02:59]}  d5 {[%clk 0:03:00]} 3. e5 {[%clk 0:03:00]}  c5 {[%clk 0:02:59]} 4. c3 {[%clk 0:03:00]}  Nc6 {[%clk 0:03:00]} 5. Nf3 {[%clk 0:03:00]}  Bd7 {[%clk 0:03:00]} 6. Be2 {[%clk 0:02:59]}  f6 {[%clk 0:03:00]} 7. O-O {[%clk 0:02:56]}  fxe5 {[%clk 0:03:00]} 8. Nxe5 {[%clk 0:02:52]}  Nxe5 {[%clk 0:03:00]} 9. dxe5 {[%clk 0:02:52]}  Qc7 {[%clk 0:03:00]} 10. c4 {[%clk 0:02:53]}  d4 {[%clk 0:02:48]} 11. Bf3 {[%clk 0:02:38]}  Bc6 {[%clk 0:02:40]} 12. Nd2 {[%clk 0:02:28]}  O-O-O {[%clk 0:02:34]} 13. Re1 {[%clk 0:02:21]}  Ne7 {[%clk 0:02:29]} 14. Bg4 {[%clk 0:01:43]}  Nf5 {[%clk 0:02:20]} 15. Ne4 {[%clk 0:01:41]}  g6 {[%clk 0:01:46]} 16. Bf4 {[%clk 0:01:31]}  h5 {[%clk 0:01:22]} 17. Bh3 {[%clk 0:01:22]}  Bxe4 {[%clk 0:01:14]} 18. Rxe4 {[%clk 0:01:21]}  Qc6 {[%clk 0:01:09]} 19. Qd3 {[%clk 0:01:07]}  Be7 {[%clk 0:01:08]} 20. Re2 {[%clk 0:01:05]}  g5 {[%clk 0:00:46]} 21. Bxf5 {[%clk 0:01:04]}  exf5 {[%clk 0:00:46]} 22. Qxf5+ {[%clk 0:01:01]}  Kb8 {[%clk 0:00:46]} 23. Bd2 {[%clk 0:00:41]}  Rdf8 {[%clk 0:00:37]} 24. Qe4 {[%clk 0:00:39]}  Qe6 {[%clk 0:00:37]} 25. b3 {[%clk 0:00:33]}  h4 {[%clk 0:00:29]} 26. f3 {[%clk 0:00:31]}  h3 {[%clk 0:00:28]} 27. g3 {[%clk 0:00:30]}  Rf5 {[%clk 0:00:23]} 28. Rf1 {[%clk 0:00:28]}  Rhf8 {[%clk 0:00:23]} 29. f4 {[%clk 0:00:20]}  g4 {[%clk 0:00:20]} 30. Rb1 {[%clk 0:00:16]}  Qa6 {[%clk 0:00:20]} 31. Be1 {[%clk 0:00:14]}  Qe6 {[%clk 0:00:14]} 32. Rc2 {[%clk 0:00:13]}  a6 {[%clk 0:00:13]} 33. b4 {[%clk 0:00:13]}  Qg6 {[%clk 0:00:13]} 34. bxc5 {[%clk 0:00:11]}  Rxf4 {[%clk 0:00:13]} 35. Qxb7# {[%clk 0:00:11]} 1-0

[Event "April 9 Late 2024"]
[Site "Chess.com"]
[Date "2024.04.09"]
[Round "9"]
[White "Tristan, Leonardo"]
[Black "Santos Flores, Alberto"]
[Result "0-1"]
[Board "57"]
[WhiteFideId "113816"]
[BlackFideId "3601234"]
[WhiteTitle "GM"]
[BlackTitle "IM"]
[WhiteElo "2737"]
[BlackElo "2538"]
[WhiteTeam "ARG"]
[BlackTeam "ECU"]
[WhiteClock "0:00:04"]
[BlackClock "0:00:10"]
[Variant "Standard"]

1. d4 {[%clk 0:03:00]}  Nf6 {[%clk 0:02:49]} 2. Nf3 {[%clk 0:03:01]}  g6 {[%clk 0:02:48]} 3. Bf4 {[%clk 0:03:01]}  Bg7 {[%clk 0:02:47]} 4. e3 {[%clk 0:03:01]}  O-O {[%clk 0:02:48]} 5. Be2 {[%clk 0:03:02]}  d6 {[%clk 0:02:48]} 6. O-O {[%clk 0:03:02]}  b6 {[%clk 0:02:48]} 7. h3 {[%clk 0:03:03]}  Bb7 {[%clk 0:02:48]} 8. Bh2 {[%clk 0:03:03]}  Nbd7 {[%clk 0:02:47]} 9. a4 {[%clk 0:03:04]}  a6 {[%clk 0:02:46]} 10. Nbd2 {[%clk 0:03:04]}  Re8 {[%clk 0:02:43]} 11. a5 {[%clk 0:03:02]}  b5 {[%clk 0:02:42]} 12. c4 {[%clk 0:03:03]}  bxc4 {[%clk 0:02:35]} 13. Bxc4 {[%clk 0:02:57]}  Bd5 {[%clk 0:02:34]} 14. Qc2 {[%clk 0:02:51]}  c5 {[%clk 0:02:32]} 15. Rfd1 {[%clk 0:02:40]}  cxd4 {[%clk 0:02:31]} 16. Nxd4 {[%clk 0:02:39]}  Rc8 {[%clk 0:02:25]} 17. Qd3 {[%clk 0:02:35]}  Nc5 {[%clk 0:02:18]} 18. Qe2 {[%clk 0:02:35]}  Bxc4 {[%clk 0:02:13]} 19. Nxc4 {[%clk 0:02:35]}  Nfd7 {[%clk 0:02:07]} 20. b4 {[%clk 0:01:51]}  Ne4 {[%clk 0:02:02]} 21. Rac1 {[%clk 0:01:51]}  Qc7 {[%clk 0:01:50]} 22. Qf1 {[%clk 0:01:41]}  Qb7 {[%clk 0:01:48]} 23. f3 {[%clk 0:01:32]}  Nef6 {[%clk 0:01:42]} 24. Bxd6 {[%clk 0:01:16]}  Rxc4 {[%clk 0:01:29]} 25. Qxc4 {[%clk 0:01:02]}  exd6 {[%clk 0:01:29]} 26. b5 {[%clk 0:01:02]}  axb5 {[%clk 0:01:28]} 27. Nxb5 {[%clk 0:00:58]}  d5 {[%clk 0:01:08]} 28. Qc6 {[%clk 0:00:57]}  Qxc6 {[%clk 0:01:08]} 29. Rxc6 {[%clk 0:00:58]}  Ra8 {[%clk 0:00:58]} 30. a6 {[%clk 0:00:54]}  Ne5 {[%clk 0:00:58]} 31. Nc7 {[%clk 0:00:42]}  Ra7 {[%clk 0:00:46]} 32. Rcc1 {[%clk 0:00:21]}  Nc4 {[%clk 0:00:38]} 33. Nxd5 {[%clk 0:00:18]}  Nxd5 {[%clk 0:00:38]} 34. Rxd5 {[%clk 0:00:12]}  Nb6 {[%clk 0:00:22]} 35. Rd8+ {[%clk 0:00:12]}  Bf8 {[%clk 0:00:21]} 36. Rc6 {[%clk 0:00:03]}  Nd7 {[%clk 0:00:19]} 37. Rd6 {[%clk 0:00:01]}  Nc5 {[%clk 0:00:17]} 38. Rc8 {[%clk 0:00:02]}  Nxa6 {[%clk 0:00:17]} 39. Rdd8 {[%clk 0:00:02]}  Kg7 {[%clk 0:00:17]} 40. Rxf8 {[%clk 0:00:02]}  Nb4 {[%clk 0:00:17]} 41. Rg8+ {[%clk 0:00:03]}  Kf6 {[%clk 0:00:17]} 42. Ra8 {[%clk 0:00:04]}  Rc7 {[%clk 0:00:16]} 43. Rgb8 {[%clk 0:00:04]}  Nd5 {[%clk 0:00:16]} 44. e4 {[%clk 0:00:04]}  Nf4 {[%clk 0:00:16]} 45. Rb6+ {[%clk 0:00:04]}  Kg7 {[%clk 0:00:15]} 46. Rb2 {[%clk 0:00:05]}  h5 {[%clk 0:00:15]} 47. h4 {[%clk 0:00:05]}  Rc5 {[%clk 0:00:14]} 48. Ra1 {[%clk 0:00:04]}  g5 {[%clk 0:00:13]} 49. hxg5 {[%clk 0:00:04]}  Rxg5 {[%clk 0:00:14]} 50. Kh2 {[%clk 0:00:04]}  h4 {[%clk 0:00:14]} 51. Rc1 {[%clk 0:00:04]}  Rg3 {[%clk 0:00:14]} 52. Rcc2 {[%clk 0:00:04]}  Kg6 {[%clk 0:00:14]} 53. Rb6+ {[%clk 0:00:04]}  f6 {[%clk 0:00:14]} 54. Rb5 {[%clk 0:00:04]}  Kg7 {[%clk 0:00:14]} 55. Rf5 {[%clk 0:00:04]}  Nd3 {[%clk 0:00:12]} 56. Rc7+ {[%clk 0:00:04]}  Kg6 {[%clk 0:00:12]} 57. Rc6 {[%clk 0:00:04]}  Ne1 {[%clk 0:00:10]} 58. Rcxf6+ {[%clk 0:00:05]}  Kg7 {[%clk 0:00:10]} 59. Rf7+ {[%clk 0:00:05]}  Kg6 {[%clk 0:00:10]} 60. R5f6+ {[%clk 0:00:06]}  Kg5 {[%clk 0:00:10]} 61. e5 {[%clk 0:00:07]}  Rxg2+ {[%clk 0:00:10]} 62. Kh1 {[%clk 0:00:07]}  Re2 {[%clk 0:00:10]} 63. Rg7+ {[%clk 0:00:08]}  Kh5 {[%clk 0:00:10]} 64. f4 {[%clk 0:00:06]}  Nf3 {[%clk 0:00:10]} 65. Rh7+ {[%clk 0:00:05]}  Kg4 {[%clk 0:00:10]} 66. Rg6+ {[%clk 0:00:05]}  Kh3 {[%clk 0:00:10]} 67. Rg1 {[%clk 0:00:04]}  Rh2# {[%clk 0:00:10]} 0-1

[Event "April 9 Late 2024"]
[Site "Chess.com"]
[Date "2024.04.09"]
[Round "9"]
[White "Slovineanu, Viacheslav"]
[Black "Wu, Derek"]
[Result "0-1"]
[Board "60"]
[WhiteFideId "13900510"]
[BlackFideId "30914558"]
[WhiteTitle "IM"]
[BlackTitle "FM"]
[WhiteElo "2493"]
[BlackElo "2632"]
[WhiteTeam "MDA"]
[BlackTeam "USA"]
[WhiteClock "0:01:13"]
[BlackClock "0:01:47"]
[Variant "Standard"]

1. d4 {[%clk 0:03:00]}  Nf6 {[%clk 0:02:57]} 2. Nf3 {[%clk 0:03:00]}  g6 {[%clk 0:02:57]} 3. Nbd2 {[%clk 0:02:59]}  Bg7 {[%clk 0:02:57]} 4. e4 {[%clk 0:02:59]}  O-O {[%clk 0:02:58]} 5. e5 {[%clk 0:02:59]}  Nh5 {[%clk 0:02:56]} 6. g4 {[%clk 0:02:46]}  Nf4 {[%clk 0:02:55]} 7. Ne4 {[%clk 0:02:43]}  d5 {[%clk 0:02:55]} 8. Ng3 {[%clk 0:02:27]}  Ne6 {[%clk 0:02:54]} 9. h4 {[%clk 0:02:23]}  c5 {[%clk 0:02:54]} 10. h5 {[%clk 0:02:22]}  cxd4 {[%clk 0:02:47]} 11. hxg6 {[%clk 0:02:18]}  fxg6 {[%clk 0:02:44]} 12. Bd3 {[%clk 0:02:07]}  Nc6 {[%clk 0:02:42]} 13. Bh6 {[%clk 0:01:55]}  Bxh6 {[%clk 0:02:07]} 14. Rxh6 {[%clk 0:01:53]}  Nf4 {[%clk 0:01:55]} 15. Ng5 {[%clk 0:01:30]}  Nxe5 {[%clk 0:01:48]} 16. Nxh7 {[%clk 0:01:23]}  Bxg4 {[%clk 0:01:47]} 17. Qd2 {[%clk 0:01:13]}  Nf3+ {[%clk 0:01:47]} 0-1

[Event "April 9 Late 2024"]
[Site "Chess.com"]
[Date "2024.04.10"]
[Round "9"]
[White "Andrews, Todd"]
[Black "Kolb, Tobias"]
[Result "0-1"]
[Board "63"]
[WhiteFideId "2012456"]
[BlackFideId "12992321"]
[WhiteTitle "FM"]
[BlackTitle "FM"]
[WhiteElo "2480"]
[BlackElo "2619"]
[WhiteTeam "USA"]
[BlackTeam "GER"]
[WhiteClock "0:00:07"]
[BlackClock "0:01:00"]
[Variant "Standard"]

1. e4 {[%clk 0:03:00]}  e5 {[%clk 0:02:59]} 2. Nf3 {[%clk 0:03:00]}  Nc6 {[%clk 0:02:59]} 3. Bb5 {[%clk 0:03:01]}  a6 {[%clk 0:02:59]} 4. Ba4 {[%clk 0:03:01]}  Nf6 {[%clk 0:02:59]} 5. O-O {[%clk 0:03:01]}  Be7 {[%clk 0:03:00]} 6. d4 {[%clk 0:03:01]}  b5 {[%clk 0:02:49]} 7. Bb3 {[%clk 0:03:00]}  Nxe4 {[%clk 0:02:45]} 8. dxe5 {[%clk 0:02:52]}  O-O {[%clk 0:02:43]} 9. c3 {[%clk 0:02:39]}  Nc5 {[%clk 0:02:30]} 10. Bd5 {[%clk 0:02:33]}  Bb7 {[%clk 0:02:22]} 11. Nbd2 {[%clk 0:02:21]}  d6 {[%clk 0:02:09]} 12. exd6 {[%clk 0:01:43]}  Qxd6 {[%clk 0:02:09]} 13. Ne4 {[%clk 0:01:40]}  Qg6 {[%clk 0:02:06]} 14. Ng3 {[%clk 0:01:34]}  Rad8 {[%clk 0:02:01]} 15. Re1 {[%clk 0:01:22]}  Bf6 {[%clk 0:01:44]} 16. Be3 {[%clk 0:01:13]}  Na4 {[%clk 0:01:40]} 17. Qb3 {[%clk 0:00:53]}  Na5 {[%clk 0:01:40]} 18. Bxb7 {[%clk 0:00:52]}  Nxb3 {[%clk 0:01:39]} 19. axb3 {[%clk 0:00:52]}  Nxb2 {[%clk 0:01:38]} 20. Rxa6 {[%clk 0:00:50]}  Rfe8 {[%clk 0:01:24]} 21. h4 {[%clk 0:00:46]}  Qc2 {[%clk 0:01:22]} 22. h5 {[%clk 0:00:35]}  Bxc3 {[%clk 0:01:12]} 23. Rc1 {[%clk 0:00:30]}  Rd1+ {[%clk 0:01:12]} 24. Rxd1 {[%clk 0:00:31]}  Nxd1 {[%clk 0:01:10]} 25. Bf4 {[%clk 0:00:28]}  Qxf2+ {[%clk 0:01:10]} 26. Kh2 {[%clk 0:00:27]}  Ne3 {[%clk 0:01:05]} 27. Ng5 {[%clk 0:00:13]}  Qxf4 {[%clk 0:01:01]} 28. Nh3 {[%clk 0:00:12]}  Nf1+ {[%clk 0:01:00]} 29. Kg1 {[%clk 0:00:10]}  Qxg3 {[%clk 0:01:00]} 30. Kxf1 {[%clk 0:00:07]}  Re1# {[%clk 0:01:00]} 0-1

[Event "April 9 Late 2024"]
[Site "Chess.com"]
[Date "2024.04.09"]
[Round "9"]
[White "Smiech, Sara"]
[Black "Iskusnyh, Sergei"]
[Result "0-1"]
[Board "64"]
[WhiteFideId "91102863"]
[BlackFideId "4120027"]
[BlackTitle "GM"]
[WhiteElo "2477"]
[BlackElo "2618"]
[WhiteTeam "POL"]
[BlackTeam "RUS"]
[WhiteClock "0:00:40"]
[BlackClock "0:00:42"]
[Variant "Standard"]

1. e4 {[%clk 0:03:00]}  e6 {[%clk 0:02:59]} 2. d4 {[%clk 0:02:59]}  d5 {[%clk 0:03:00]} 3. Bd3 {[%clk 0:02:58]}  c5 {[%clk 0:02:59]} 4. exd5 {[%clk 0:02:56]}  exd5 {[%clk 0:03:00]} 5. Nf3 {[%clk 0:02:57]}  Nc6 {[%clk 0:03:00]} 6. O-O {[%clk 0:02:55]}  Nf6 {[%clk 0:03:00]} 7. Re1+ {[%clk 0:02:49]}  Be7 {[%clk 0:03:00]} 8. c3 {[%clk 0:02:46]}  O-O {[%clk 0:03:00]} 9. Nbd2 {[%clk 0:02:45]}  Bg4 {[%clk 0:02:59]} 10. h3 {[%clk 0:02:44]}  Bh5 {[%clk 0:02:58]} 11. Be2 {[%clk 0:02:38]}  Re8 {[%clk 0:02:52]} 12. Ne5 {[%clk 0:02:32]}  Bxe2 {[%clk 0:02:46]} 13. Qxe2 {[%clk 0:02:29]}  cxd4 {[%clk 0:02:38]} 14. Nxc6 {[%clk 0:02:28]}  bxc6 {[%clk 0:02:38]} 15. cxd4 {[%clk 0:02:29]}  Bc5 {[%clk 0:02:21]} 16. Qd1 {[%clk 0:02:22]}  Rxe1+ {[%clk 0:02:21]} 17. Qxe1 {[%clk 0:02:22]}  Bxd4 {[%clk 0:02:21]} 18. Nf3 {[%clk 0:02:21]}  Bb6 {[%clk 0:02:20]} 19. Bg5 {[%clk 0:02:20]}  Qd6 {[%clk 0:02:15]} 20. Bxf6 {[%clk 0:02:10]}  Qxf6 {[%clk 0:02:14]} 21. Rc1 {[%clk 0:02:09]}  h6 {[%clk 0:01:57]} 22. b3 {[%clk 0:02:04]}  Rd8 {[%clk 0:01:42]} 23. Qe2 {[%clk 0:01:53]}  Rd6 {[%clk 0:01:38]} 24. Qe8+ {[%clk 0:01:46]}  Kh7 {[%clk 0:01:37]} 25. a4 {[%clk 0:01:17]}  Re6 {[%clk 0:01:33]} 26. Qc8 {[%clk 0:01:16]}  Bxf2+ {[%clk 0:01:18]} 27. Kxf2 {[%clk 0:01:13]}  Qb2+ {[%clk 0:01:17]} 28. Kg3 {[%clk 0:01:08]}  Rg6+ {[%clk 0:01:16]} 29. Kh4 {[%clk 0:01:04]}  Qxc1 {[%clk 0:01:10]} 30. Qf5 {[%clk 0:01:04]}  Qb2 {[%clk 0:01:02]} 31. Ne5 {[%clk 0:00:58]}  Qxg2 {[%clk 0:00:45]} 32. Nxg6 {[%clk 0:00:54]}  fxg6 {[%clk 0:00:46]} 33. Qe5 {[%clk 0:00:42]}  g5+ {[%clk 0:00:43]} 34. Kh5 {[%clk 0:00:40]}  Qxh3# {[%clk 0:00:42]} 0-1

[Event "April 9 Late 2024"]
[Site "Chess.com"]
[Date "2024.04.09"]
[Round "9"]
[White "Gurevich, Dmitry"]
[Black "Zimmermann, Ulrich"]
[Result "1-0"]
[Board "66"]
[WhiteFideId "2000407"]
[BlackFideId "24654523"]
[WhiteTitle "GM"]
[BlackTitle "FM"]
[WhiteElo "2609"]
[BlackElo "2457"]
[WhiteTeam "USA"]
[BlackTeam "GER"]
[WhiteClock "0:00:04"]
[BlackClock "0:00:12"]
[Variant "Standard"]

1. d4 {[%clk 0:03:00]}  Nf6 {[%clk 0:03:00]} 2. c4 {[%clk 0:03:00]}  e6 {[%clk 0:02:59]} 3. g3 {[%clk 0:03:00]}  c5 {[%clk 0:03:00]} 4. Nf3 {[%clk 0:02:59]}  cxd4 {[%clk 0:02:59]} 5. Nxd4 {[%clk 0:02:59]}  d5 {[%clk 0:03:00]} 6. Bg2 {[%clk 0:02:58]}  e5 {[%clk 0:03:01]} 7. Nf3 {[%clk 0:02:50]}  d4 {[%clk 0:03:01]} 8. O-O {[%clk 0:02:49]}  Nc6 {[%clk 0:02:59]} 9. e3 {[%clk 0:02:49]}  Be7 {[%clk 0:02:57]} 10. exd4 {[%clk 0:02:43]}  exd4 {[%clk 0:02:58]} 11. Bf4 {[%clk 0:02:41]}  O-O {[%clk 0:02:54]} 12. Ne5 {[%clk 0:02:40]}  Qb6 {[%clk 0:02:41]} 13. Nxc6 {[%clk 0:02:34]}  bxc6 {[%clk 0:02:42]} 14. Qb3 {[%clk 0:02:26]}  Qxb3 {[%clk 0:02:38]} 15. axb3 {[%clk 0:02:26]}  Bb7 {[%clk 0:02:37]} 16. Nd2 {[%clk 0:02:16]}  Bb4 {[%clk 0:02:27]} 17. Rfd1 {[%clk 0:02:04]}  Rfd8 {[%clk 0:02:23]} 18. Bg5 {[%clk 0:02:01]}  Rd7 {[%clk 0:02:04]} 19. Bxf6 {[%clk 0:01:34]}  gxf6 {[%clk 0:02:05]} 20. Nf3 {[%clk 0:01:34]}  c5 {[%clk 0:02:00]} 21. Nh4 {[%clk 0:01:26]}  Bxg2 {[%clk 0:01:56]} 22. Nxg2 {[%clk 0:01:24]}  a5 {[%clk 0:01:53]} 23. Nf4 {[%clk 0:01:23]}  Re8 {[%clk 0:01:49]} 24. Kf1 {[%clk 0:01:21]}  Re5 {[%clk 0:01:46]} 25. Rd3 {[%clk 0:01:10]}  Kf8 {[%clk 0:01:38]} 26. Rad1 {[%clk 0:01:05]}  Rde7 {[%clk 0:01:35]} 27. Kg2 {[%clk 0:00:55]}  Re1 {[%clk 0:01:33]} 28. Kf3 {[%clk 0:00:53]}  R1e5 {[%clk 0:01:18]} 29. h4 {[%clk 0:00:49]}  f5 {[%clk 0:01:06]} 30. Ra1 {[%clk 0:00:40]}  Rd7 {[%clk 0:01:01]} 31. Nd5 {[%clk 0:00:34]}  Kg7 {[%clk 0:00:53]} 32. Rdd1 {[%clk 0:00:29]}  Rdxd5 {[%clk 0:00:32]} 33. cxd5 {[%clk 0:00:28]}  Rxd5 {[%clk 0:00:33]} 34. Ke2 {[%clk 0:00:28]}  Rd7 {[%clk 0:00:31]} 35. Kd3 {[%clk 0:00:27]}  Rb7 {[%clk 0:00:29]} 36. Kc4 {[%clk 0:00:26]}  Rb6 {[%clk 0:00:30]} 37. Rd3 {[%clk 0:00:24]}  Re6 {[%clk 0:00:30]} 38. Rf3 {[%clk 0:00:24]}  Re2 {[%clk 0:00:30]} 39. Rxf5 {[%clk 0:00:23]}  Rc2+ {[%clk 0:00:30]} 40. Kd5 {[%clk 0:00:21]}  Rxb2 {[%clk 0:00:29]} 41. Rf3 {[%clk 0:00:20]}  Re2 {[%clk 0:00:20]} 42. g4 {[%clk 0:00:19]}  h6 {[%clk 0:00:20]} 43. g5 {[%clk 0:00:17]}  hxg5 {[%clk 0:00:21]} 44. hxg5 {[%clk 0:00:17]}  Kg6 {[%clk 0:00:20]} 45. Rg1 {[%clk 0:00:15]}  Re6 {[%clk 0:00:16]} 46. Rh3 {[%clk 0:00:15]}  Kg7 {[%clk 0:00:16]} 47. f4 {[%clk 0:00:14]}  Re2 {[%clk 0:00:14]} 48. f5 {[%clk 0:00:14]}  d3 {[%clk 0:00:12]} 49. f6+ {[%clk 0:00:14]}  Kg6 {[%clk 0:00:13]} 50. Rh6+ {[%clk 0:00:11]}  Kf5 {[%clk 0:00:13]} 51. g6 {[%clk 0:00:11]}  fxg6 {[%clk 0:00:12]} 52. f7 {[%clk 0:00:11]}  c4 {[%clk 0:00:13]} 53. Kxc4 {[%clk 0:00:09]}  d2 {[%clk 0:00:12]} 54. Rd1 {[%clk 0:00:07]}  Re1 {[%clk 0:00:12]} 55. Rxd2 {[%clk 0:00:07]}  Bxd2 {[%clk 0:00:13]} 56. f8=Q+ {[%clk 0:00:06]}  Kg4 {[%clk 0:00:13]} 57. Rxg6+ {[%clk 0:00:05]}  Kh5 {[%clk 0:00:12]} 58. Qf5+ {[%clk 0:00:05]}  Kh4 {[%clk 0:00:12]} 59. Qg4# {[%clk 0:00:04]} 1-0

[Event "April 9 Late 2024"]
[Site "Chess.com"]
[Date "2024.04.09"]
[Round "9"]
[White "Tulchynskyi, Feliks"]
[Black "Jaque Gutierrez, Matias"]
[Result "1/2-1/2"]
[Board "69"]
[WhiteFideId "34127895"]
[BlackFideId "3426980"]
[WhiteTitle "FM"]
[BlackTitle "CM"]
[WhiteElo "2595"]
[BlackElo "2420"]
[WhiteTeam "UKR"]
[BlackTeam "CHI"]
[WhiteClock "0:00:14"]
[BlackClock "0:00:15"]
[Variant "Standard"]

1. c4 {[%clk 0:02:59]}  c5 {[%clk 0:02:58]} 2. Nf3 {[%clk 0:02:53]}  g6 {[%clk 0:02:58]} 3. Nc3 {[%clk 0:02:54]}  Bg7 {[%clk 0:02:58]} 4. d4 {[%clk 0:02:54]}  cxd4 {[%clk 0:02:59]} 5. Nxd4 {[%clk 0:02:55]}  Nc6 {[%clk 0:02:57]} 6. e3 {[%clk 0:02:48]}  Nf6 {[%clk 0:02:56]} 7. Be2 {[%clk 0:02:44]}  O-O {[%clk 0:02:54]} 8. O-O {[%clk 0:02:44]}  Nxd4 {[%clk 0:02:49]} 9. Qxd4 {[%clk 0:02:43]}  d6 {[%clk 0:02:48]} 10. Bf3 {[%clk 0:02:43]}  Nd7 {[%clk 0:02:31]} 11. Qd2 {[%clk 0:02:41]}  Ne5 {[%clk 0:02:31]} 12. Be2 {[%clk 0:02:39]}  Be6 {[%clk 0:02:31]} 13. b3 {[%clk 0:02:39]}  Rc8 {[%clk 0:02:26]} 14. Bb2 {[%clk 0:02:37]}  a6 {[%clk 0:02:18]} 15. f4 {[%clk 0:02:28]}  Nc6 {[%clk 0:02:14]} 16. Rac1 {[%clk 0:02:23]}  Qb6 {[%clk 0:01:55]} 17. Kh1 {[%clk 0:02:15]}  Rfd8 {[%clk 0:01:40]} 18. Bf3 {[%clk 0:02:11]}  Qa5 {[%clk 0:01:39]} 19. Rfd1 {[%clk 0:02:06]}  b5 {[%clk 0:01:29]} 20. Bxc6 {[%clk 0:01:32]}  Rxc6 {[%clk 0:01:28]} 21. Nd5 {[%clk 0:01:32]}  Qxd2 {[%clk 0:01:28]} 22. Nxe7+ {[%clk 0:01:32]}  Kf8 {[%clk 0:01:22]} 23. Bxg7+ {[%clk 0:01:29]}  Kxe7 {[%clk 0:01:22]} 24. Rxd2 {[%clk 0:01:28]}  f6 {[%clk 0:01:22]} 25. c5 {[%clk 0:01:18]}  d5 {[%clk 0:01:17]} 26. e4 {[%clk 0:01:11]}  Kf7 {[%clk 0:01:10]} 27. Bh6 {[%clk 0:01:09]}  d4 {[%clk 0:00:54]} 28. h4 {[%clk 0:01:04]}  a5 {[%clk 0:00:44]} 29. f5 {[%clk 0:00:52]}  gxf5 {[%clk 0:00:41]} 30. exf5 {[%clk 0:00:53]}  Bxf5 {[%clk 0:00:42]} 31. Bf4 {[%clk 0:00:53]}  Rd5 {[%clk 0:00:32]} 32. Rcd1 {[%clk 0:00:43]}  Rcxc5 {[%clk 0:00:27]} 33. Rxd4 {[%clk 0:00:42]}  Rxd4 {[%clk 0:00:27]} 34. Rxd4 {[%clk 0:00:43]}  Rc2 {[%clk 0:00:27]} 35. Rd2 {[%clk 0:00:28]}  Rxd2 {[%clk 0:00:17]} 36. Bxd2 {[%clk 0:00:29]}  b4 {[%clk 0:00:18]} 37. Be3 {[%clk 0:00:29]}  Bb1 {[%clk 0:00:15]} 38. Bb6 {[%clk 0:00:29]}  Bxa2 {[%clk 0:00:16]} 39. Bxa5 {[%clk 0:00:29]}  Bxb3 {[%clk 0:00:16]} 40. Bxb4 {[%clk 0:00:28]}  Bd5 {[%clk 0:00:17]} 41. Kh2 {[%clk 0:00:28]}  Be4 {[%clk 0:00:17]} 42. g4 {[%clk 0:00:28]}  Bd3 {[%clk 0:00:13]} 43. Kg3 {[%clk 0:00:28]}  Bc2 {[%clk 0:00:13]} 44. Kf4 {[%clk 0:00:29]}  Bb1 {[%clk 0:00:13]} 45. Bc3 {[%clk 0:00:30]}  Bc2 {[%clk 0:00:13]} 46. g5 {[%clk 0:00:19]}  fxg5+ {[%clk 0:00:13]} 47. hxg5 {[%clk 0:00:19]}  Bg6 {[%clk 0:00:13]} 48. Ke5 {[%clk 0:00:19]}  Bb1 {[%clk 0:00:14]} 49. Kf4 {[%clk 0:00:19]}  Bg6 {[%clk 0:00:14]} 50. Kg4 {[%clk 0:00:19]}  Bb1 {[%clk 0:00:14]} 51. Kh5 {[%clk 0:00:19]}  Bc2 {[%clk 0:00:15]} 52. Kh6 {[%clk 0:00:20]}  Bb1 {[%clk 0:00:15]} 53. Ba1 {[%clk 0:00:14]}  Bc2 {[%clk 0:00:15]} 1/2-1/2

[Event "April 9 Late 2024"]
[Site "Chess.com"]
[Date "2024.04.09"]
[Round "9"]
[White "Silva, Miguel Antonio Neto"]
[Black "Buenafe Moya, Javier"]
[Result "1-0"]
[Board "71"]
[WhiteFideId "1911929"]
[BlackFideId "2206412"]
[BlackTitle "FM"]
[WhiteElo "2578"]
[BlackElo "2409"]
[WhiteTeam "POR"]
[BlackTeam "ESP"]
[WhiteClock "0:00:17"]
[BlackClock "0:00:10"]
[Variant "Standard"]

1. e4 {[%clk 0:02:54]}  e5 {[%clk 0:02:59]} 2. Nf3 {[%clk 0:02:50]}  Nc6 {[%clk 0:02:57]} 3. Bc4 {[%clk 0:02:47]}  Bc5 {[%clk 0:02:56]} 4. c3 {[%clk 0:02:43]}  Nf6 {[%clk 0:02:55]} 5. d3 {[%clk 0:02:40]}  O-O {[%clk 0:02:54]} 6. Bg5 {[%clk 0:02:33]}  h6 {[%clk 0:02:50]} 7. Bh4 {[%clk 0:02:33]}  d6 {[%clk 0:02:43]} 8. a4 {[%clk 0:02:29]}  a6 {[%clk 0:02:42]} 9. Nbd2 {[%clk 0:02:26]}  g5 {[%clk 0:02:41]} 10. Nxg5 {[%clk 0:02:22]}  hxg5 {[%clk 0:02:40]} 11. Bxg5 {[%clk 0:02:23]}  Kg7 {[%clk 0:02:40]} 12. Qf3 {[%clk 0:02:18]}  Kg6 {[%clk 0:02:22]} 13. h4 {[%clk 0:02:15]}  Bg4 {[%clk 0:01:49]} 14. Bxf6 {[%clk 0:02:09]}  Qd7 {[%clk 0:01:49]} 15. h5+ {[%clk 0:02:03]}  Kh7 {[%clk 0:01:37]} 16. Qg3 {[%clk 0:02:02]}  Rg8 {[%clk 0:01:28]} 17. Nf3 {[%clk 0:01:53]}  Bxf3 {[%clk 0:01:22]} 18. Qxf3 {[%clk 0:01:51]}  Nd8 {[%clk 0:01:03]} 19. O-O-O {[%clk 0:01:44]}  b5 {[%clk 0:01:02]} 20. Bd5 {[%clk 0:01:39]}  c6 {[%clk 0:01:01]} 21. Bb3 {[%clk 0:01:28]}  bxa4 {[%clk 0:01:00]} 22. Bxa4 {[%clk 0:01:28]}  Rb8 {[%clk 0:01:00]} 23. d4 {[%clk 0:01:23]}  exd4 {[%clk 0:00:57]} 24. Bxd4 {[%clk 0:01:13]}  Ne6 {[%clk 0:00:52]} 25. Qf5+ {[%clk 0:01:09]}  Kh6 {[%clk 0:00:51]} 26. Bxc5 {[%clk 0:01:01]}  Qb7 {[%clk 0:00:47]} 27. Be3+ {[%clk 0:00:55]}  Kg7 {[%clk 0:00:45]} 28. Rd2 {[%clk 0:00:51]}  Kf8 {[%clk 0:00:29]} 29. h6 {[%clk 0:00:47]}  Rxg2 {[%clk 0:00:28]} 30. h7 {[%clk 0:00:45]}  Kg7 {[%clk 0:00:28]} 31. h8=Q+ {[%clk 0:00:34]}  Rxh8 {[%clk 0:00:27]} 32. Rxh8 {[%clk 0:00:31]}  Rg1+ {[%clk 0:00:26]} 33. Rd1 {[%clk 0:00:25]}  Rxd1+ {[%clk 0:00:25]} 34. Bxd1 {[%clk 0:00:25]}  Kxh8 {[%clk 0:00:25]} 35. Qf6+ {[%clk 0:00:25]}  Kg8 {[%clk 0:00:25]} 36. Bg4 {[%clk 0:00:25]}  Qd7 {[%clk 0:00:21]} 37. Bh6 {[%clk 0:00:24]}  a5 {[%clk 0:00:17]} 38. Be3 {[%clk 0:00:22]}  a4 {[%clk 0:00:16]} 39. Bd4 {[%clk 0:00:22]}  Kh7 {[%clk 0:00:12]} 40. Bf5+ {[%clk 0:00:17]}  Kg8 {[%clk 0:00:10]} 41. Qh8# {[%clk 0:00:17]} 1-0